LEADER 00982cam0-2200337---450- 001 990005815340403321 005 20130719133112.0 010 $a0-521-38938-0 035 $a000581534 035 $aFED01000581534 035 $a(Aleph)000581534FED01 035 $a000581534 100 $a19990604d1990----km-y0itay50------ba 101 0 $aeng 102 $aGB 105 $ay-------001yy 200 1 $aConducting interaction$epatterns of behavior in focused encounters$fAdam Kendon 210 $aCambridge$cCambridge University Press$dc1990 215 $aXI, 292 p.$d22 cm 225 1 $aStudies in interactional sociolinguistics$v07 610 0 $aConversazione 610 0 $aInterazione sociale 676 $a302.346 700 1$aKendon,$bAdam$0221045 801 0$aIT$bUNINA$gRICA$2UNIMARC 901 $aBK 912 $a990005815340403321 952 $a302.346 KEN 1$bDIP.FIL.MOD. 7483$fFLFBC 959 $aFLFBC 996 $aConducting interaction$9567909 997 $aUNINA LEADER 01117nam0 22002893i 450 001 BVE0266049 005 20231121125417.0 010 $a8872826381 100 $a20190325d2002 ||||0itac50 ba 101 | $aita 102 $ait 181 1$6z01$ai $bxxxe 182 1$6z01$an 200 1 $a˜I œTestimoni di Geova e la Torre di guardia$eanalisi storico-dottrinale del movimento geovista attraverso le sue pubblicazioni e il confronto con la Bibbia$fSalvatore Senese 210 $aTavagnacco$cSegno$d\2002! 215 $a183 p.$d21 cm. 606 $aTestimoni di Geova$xDottrina$2FIR$3RMLC217707$9I 676 $a289.92$9Testimoni di Geova$v22 700 1$aSenese$b, Salvatore$3CFIV023567$4070$0232952 801 3$aIT$bIT-01$c20190325 850 $aIT-FR0017 899 $aBiblioteca umanistica Giorgio Aprea$bFR0017 $eN 912 $aBVE0266049 950 0$aBiblioteca umanistica Giorgio Aprea$d 52DCB Sen.Tes.$e 52DUP0009021905 VMB RS $fA $h20190325$i20190325 977 $a 52 996 $aTestimoni di Geova e la Torre di guardia$93603814 997 $aUNICAS LEADER 01428nam--2200385---450- 001 990001119540203316 005 20030320125621.0 010 $a88-14-09404-7 035 $a000111954 035 $aUSA01000111954 035 $a(ALEPH)000111954USA01 035 $a000111954 100 $a20030107d2002----km-y0enga50------ba 101 0 $aita 102 $aIT 105 $ay|||z|||001yy 200 1 $aTutela cautelare, monitoria e sommaria nel nuovo processo amministrativo$eprovvedimenti di urgenza, tutela possessoria, decreti ingiuntivi e ordinanze ex artt. 186-bis e 186-ter c.p.c.$fRoberto Garofoli, Mariato Protto 210 $aMilano$cGiuffrè$d2002 215 $aXV, 510 p.$d21 cm 225 2 $aTeoria e pratica del diritto$hSez. 4.$iDiritto amministrativo$v62 410 0$1Teoria e pratica del diritto$hSez. 4.$iDiritto amministrativo$v62 606 0 $aProcedimenti cautelari amministrativi 676 $a342.450664 700 1$aGAROFOLI,$bRoberto$0415495 701 1$aPROTTO,$bMariano$0240089 801 0$aIT$bSalbc$cISBD 912 $a990001119540203316 951 $aCOLL ZJ 62/IV$b34923 G$cCOLL ZJ$d00095012 959 $aBK 969 $aGIU 979 $aMARIA$b10$c20030107$lUSA01$h0904 979 $aCHIARA$b90$c20030320$lUSA01$h1256 979 $aPATRY$b90$c20040406$lUSA01$h1717 996 $aTutela cautelare, monitoria e sommaria nel nuovo processo amministrativo$91487070 997 $aUNISA